Consensus - performance research (Record no. 29552)

000 -LEADER
fixed length control field 00464pab a2200169 454500
008 - FIXED-LENGTH DATA ELEMENTS--GENERAL INFORMATION
fixed length control field 180718b1995 xxu||||| |||| 00| 0 eng d
100 ## - MAIN ENTRY--PERSONAL NAME
Personal name Dess, Gregory
245 ## - TITLE STATEMENT
Title Consensus - performance research
Remainder of title theoretical and empirical extensions.
260 ## - PUBLICATION, DISTRIBUTION, ETC.
Date of publication, distribution, etc. 1995
300 ## - PHYSICAL DESCRIPTION
Extent p.401-17
362 ## - DATES OF PUBLICATION AND/OR SEQUENTIAL DESIGNATION
Dates of publication and/or sequential designation Jul
650 ## - SUBJECT ADDED ENTRY--TOPICAL TERM
Topical term or geographic name entry element Decision-making, Group
650 ## - SUBJECT ADDED ENTRY--TOPICAL TERM
Topical term or geographic name entry element Decision-making
700 ## - ADDED ENTRY--PERSONAL NAME
Personal name Priem, Richard L.
773 ## - HOST ITEM ENTRY
Main entry heading Journal of Management Studies
909 ## -
-- 29552
Holdings
Withdrawn status Lost status Damaged status Not for loan Permanent Location Current Location Date acquired Serial Enumeration / chronology Barcode Date last seen Price effective from Koha item type
        Indian Institute of Public Administration Indian Institute of Public Administration 2018-07-19 Volume no: 32, Issue no: 4 AR29692 2018-07-19 2018-07-19 Articles

Powered by Koha